Las américas en una encrucijada: informe del díalogo interamericano abril 1983

Spremljeno u:
Bibliografski detalji
Autor kompanije: Woodrow Wilson International Center for Scholars (Autor)
Format: Knjiga
Jezik:španjolski
Izdano: Washington, D.C Smithsonian Institution Building 1983
Teme:
Oznake: Dodaj oznaku
Bez oznaka, Budi prvi tko označuje ovaj zapis!

MARC

LEADER 00000nam a2200000 a 4500
001 UCN3858
003 CL-VaPUC
008 010713e19830000US |||||||||||||||||spa|d
082 0 4 |a 303.45  |b WOO  |2 21 
110 2 |a Woodrow Wilson International Center for Scholars  |e author  |9 460440 
245 1 4 |a Las américas en una encrucijada: informe del díalogo interamericano abril 1983 
300 |a 76 p 
942 |c BK 
945 |d 20010713 00:00:00  |a rbrito 
260 |a Washington, D.C  |b Smithsonian Institution Building  |c 1983 
600 0 7 |a FONDO MONETARIO INTERNACIONAL  |2 CL-VaPUC  |9 404543 
650 7 |a CRISIS ECONOMICA  |2 CL-VaPUC  |9 460441 
650 0 |a Política económica   |9 255029 
650 0 |a Democracia  |9 255256 
650 0 |a Derechos humanos  |9 223025 
650 0 |a Inmigración  |9 268290 
651 0 |a América Latina   |9 255027 
583 |a last modification  |c 20010713 00:00:00  |k Rodrigo Vera 
999 |c 296529  |d 296527 
952 |0 0  |1 0  |4 0  |6 303_450000000000000_WOO_1983  |7 0  |8 A  |9 350332  |a BIBGIM  |b BIBGIM  |d 2019-11-20  |i 3614298  |o 303.45 WOO 1983  |p 3614298  |r 2025-01-15  |w 2019-11-20  |y BK  |k ORI